000 00329nam a22001337a 4500
999 _c160868
_d160868
082 _a
_b
100 _aElisee Reclus
245 _aWorld encyclopedia of nations and nationalities (v.12)(p.2)/
_cby Elisee Reclus.
260 _aNew Delhi:
_bDiscovery,
_c1992.
300 _a510p.
650 _a
700 _a
942 _cBK